| 000 | 00533nam a2200181Ia 4500 | ||
|---|---|---|---|
| 008 | 240925s9999 xx 000 0 und d | ||
| 020 | _a201427745 | ||
| 082 | _a658.3 FLO | ||
| 100 | _aFlood, Patrick .c | ||
| 245 | 0 | _aManaging Without Traditional Methods: international innovations in human resource Management | |
| 250 | _aNA | ||
| 260 |
_aWokingham: _bAddison-Wily Publishing Company _c,1996. |
||
| 300 |
_axvi,345p. _bNA _fOriginal |
||
| 500 | _aIncludes Index | ||
| 600 | _aManagement | ||
| 650 | _aManagement | ||
| 942 | _cBK | ||
| 999 |
_c5578 _d5578 |
||